Super Smash Bros Ultimate Assist Trophies - Statistics

General Stats
  • This quiz has been taken 13 times
  • The average score is 25 of 59
Answer Stats
Game Answer % Correct
Bomberman Bomberman
80%
Devil World Devil
80%
Sonic the Hedgehog Knuckles
80%
Sheriff Sheriff
80%
Shovel Knight Shovel Knight
80%
The Legendary Starfy Starfy
80%
Pac-Man Ghosts
70%
Sonic the Hedgehog Shadow
70%
ARMS Spring Man
70%
Art Academy Vince
70%
Castlevania Alucard
60%
Wario Ashley
60%
Animal Crossing Kapp'n
60%
Nintendogs Nintendog
60%
Mario Waluigi
60%
Dillion's Rolling Western Dillion
50%
Golden Sun Isaac
50%
Earthbound Jeff
50%
Donkey Kong Klaptrap
50%
Metroid Metroid
50%
Metroid Mother Brain
50%
Splatoon Squid Sisters
50%
Star Fox Andross
40%
Pikmin Burrowing Snagret
40%
Color TV Game Color TV Game 15
40%
Brain Age Dr. Kawashima
40%
SimCity Dr. Wright
40%
The Legend of Zelda Ghirahim
40%
Star Fox Krystal
40%
Fire Emblem Lyn
40%
Xenoblade Chronicles Riki
40%
Bayonetta Rodin
40%
F-Zero Samurai Goroh
40%
Nintendo Badge Arcade Arcade Bunny
30%
Metal Gear Gray Fox
30%
Street Fighter Guile
30%
Mario Hammer Bro
30%
The Legend of Zelda Midna
30%
The Legend of Zelda Moon
30%
Swapnote Nikki
30%
Kid Icarus Phosphora
30%
Monster Hunter Rathalos
30%
The Legend of Zelda Skull Kid
30%
Earthbound Starman
30%
Joy Mech Fight Sukapon
30%
Fire Emblem Tiki
30%
Mega Man Wily Capsule
30%
Mega Man Zero
30%
Virtua Fighter Akira
20%
Fire Emblem Black Knight
20%
Mario Chain Chomp
20%
Mario Flies and Hand
20%
Kirby Knuckle Joe
20%
Kirby Nightmare
20%
Mario Thwomp
20%
The Mysterious Murasame Castle Takamaru
10%
Kirby Chef Kawaski
0%
Kaeru no Tame ni Kane wa Naru Sable Prince
0%
Fatal Frame Yuri Kozukata
0%
No matching quizzes found
Score Distribution
Percent of People with Each Score
Percentile by Number Answered
Your Score History
You have not taken this quiz